Escuela superior de comercio manuel belgrano : plan de estudios 1979 /

Guardado en:
Formato: Libro
Publicado: Córdoba : , 1978
Materias:
Etiquetas: Agregar Etiqueta
Sin Etiquetas, Sea el primero en etiquetar este registro!
LEADER 00457nam a22001575a 4500
001 CEM.cems000067
005 20060209000000.0
008 130507s1978##################000#0#####d
003 CEMS
082 0 4 |a 373 
245 0 0 |a Escuela superior de comercio manuel belgrano :  |b  plan de estudios 1979 / 
260 |a Córdoba :  |b ,  |c 1978 
300 |a 67 p. 
505 0 |a Plan de estudios 1979 
653 |a Educación 
859 |a CEMS  |b BIB. CEMS - 11 de abril  |h 373  |i Es19  |p 12960.84  |t Ej.1